Менталитет, ментальность и этнопсихологические особенности китайцев: монография

Bibliographic Details
Main Author: Собольников В. В. Валерий Васильевич
Summary:Монография посвящена одной из актуальных проблем этнопсихологии — менталитету, ментальности и национальным особенностям китайцев. На материалах теоретического анализа и эмпирических исследований анализируются этнопсихологические феномены в контексте китайской ментальности, изучаются механизмы их функционирования. Особое внимание уделено исследованию этнического самосознания и ценностных ориентации китайцев, а также особенностей их реального поведения. Предпринята попытка прогноза вероятностной трансформации менталитета и этнопсихологических особенностей китайцев. В работе дан обширный справочный материал по современному Китаю. Книга рекомендуется психологам, социологам, этнологам, политологам, культурологам, синологам, специалистам в различных областях межнациональных отношений, а также студентам, преподавателям и научным работникам, предметом интереса которых является этнопсихология.
Language:Russian
Published: Москва, Вузовский учебник, 2019
Series:Научная книга
Subjects:
Format: Book
KOHA link:https://koha.lib.tpu.ru/cgi-bin/koha/opac-detail.pl?biblionumber=343591

MARC

LEADER 00000nam0a2200000 4500
001 343591
005 20231102005557.0
010 |a 9785955805610 
010 |a 978-5-16--012777-4 
035 |a (RuTPU)RU\TPU\book\374001 
090 |a 343591 
100 |a 20191010d2019 k y0rusy50 ca 
101 0 |a rus 
102 |a RU 
105 |a y z 001zy 
200 1 |a Менталитет, ментальность и этнопсихологические особенности китайцев  |e монография  |f В. В. Собольников 
210 |a Москва  |c Вузовский учебник  |c Инфра-М  |d 2019 
215 |a 160 с. 
225 1 |a Научная книга 
320 |a Библиогр.: с. 120-145 
320 |a Глоссарий: с. 146-155 
330 |a Монография посвящена одной из актуальных проблем этнопсихологии — менталитету, ментальности и национальным особенностям китайцев. На материалах теоретического анализа и эмпирических исследований анализируются этнопсихологические феномены в контексте китайской ментальности, изучаются механизмы их функционирования. Особое внимание уделено исследованию этнического самосознания и ценностных ориентации китайцев, а также особенностей их реального поведения. Предпринята попытка прогноза вероятностной трансформации менталитета и этнопсихологических особенностей китайцев. В работе дан обширный справочный материал по современному Китаю. Книга рекомендуется психологам, социологам, этнологам, политологам, культурологам, синологам, специалистам в различных областях межнациональных отношений, а также студентам, преподавателям и научным работникам, предметом интереса которых является этнопсихология. 
606 1 |a Этническая психология  |2 stltpush  |3 (RuTPU)RU\TPU\subj\21491  |9 46472 
606 1 |a Китай  |x Внутренняя политика  |2 stltpush  |3 (RuTPU)RU\TPU\subj\68787  |9 83938 
610 1 |a этнопсихология 
610 1 |a китайское общество 
610 1 |a менталитет 
610 1 |a ментальность 
610 1 |a китайцы 
610 1 |a национальные особенности 
610 1 |a этнические стереотипы 
610 1 |a ценностные ориентации 
610 1 |a реальное поведение 
610 1 |a мышление 
610 1 |a вербальные коммуникации 
610 1 |a невербальные коммуникации 
610 1 |a этническое самосознание 
610 1 |a межнациональные отношения 
610 1 |a народности 
610 1 |a иероглифы 
610 1 |a психические качества 
610 1 |a монографии 
686 |a Ю958  |v LBC/SL-A  |2 rubbk 
686 |a Ф3(5Кит)  |v LBC/SL-A  |2 rubbk 
700 1 |a Собольников  |b В. В.  |g Валерий Васильевич 
801 1 |a RU  |b 63413507  |c 20191010 
801 2 |a RU  |b 63413507  |c 20191114  |g RCR 
942 |c BK 
959 |a 13/20191008  |d 1  |e 564,29  |f ЧЗТЛ:1